000 00998nam a2200289 i 4500
001 bg
003 BPK
005 20220120150124.0
008 981123s1998 pl f f |000 0 pol
015 _aPB 2000/2993
020 _a8387424331
040 _aKR U
_dWA N
_cBPK
041 0 _apol
080 _a657
080 _a(075.8)
100 1 _aPłóciennik-Napierałowa, Janina
_eAutor
245 1 0 _aRachunkowość.
_nCz. 2 /
_cJanina Płóciennik-Napierałowa ; Politechnika Koszalińska.
260 _aKoszalin :
_bWydaw. Uczelniane PK,
_c1998.
300 _a226 s. ;
_c24 cm.
504 _aWykaz podstawowych aktów normatywnych.
521 8 _aSkrypt Instytutu Zarządzania i Marketingu.
655 4 _aPodręczniki akademickie
650 4 _aRachunkowość
710 2 _aPolitechnika Koszalińska.
_bWydawnictwo Uczelniane.
_4pbl.
856 _uhttp://koha.tu.koszalin.pl/cgi-bin/koha/opac-detail.pl?biblionumber=32767
_zKatalog online BPK
942 _2UKD
_cKS
999 _c32767
_d32767